LEADER 01495nam a2200325 a 4500 001 000000134422 003 CaOOAMICUS 005 20130614133230.0 008 130614s1994 it u000 u ita r 020 $a88-09-14013-3 040 $aPUL$bita 100 1 $aRicoeur, Paul,$d1913-2005.$0(OLS)http://pul/name/31003 245 10$aPersona, comunità e istituzioni :$bdialettica tra giustizia e amore /$cPaul Ricoeur ; a cura di Attilio Danese ; scritti di Franco Bianco ... [et al.]. 260 $aS. Domenico di Fiesole :$bEdizioni Cultura della Pace,$c©1994. 300 $a222 p. ;$c21 cm 490 1 $aBiblioteca 504 $aBibliografia in nota. 650 4$aPersona (filosofia).$0(OLS)http://pul/subject/2012 650 4$aPolitica e morale.$0(OLS)http://pul/subject/4796 700 1 $aDanese, Attilio.$0(OLS)http://pul/name/21223 700 1 $aBianco, Franco.$0(OLS)http://pul/name/10936 830 0$aBiblioteca (Edizioni Cultura della Pace).$0(OLS)http://pul/title/169988 850 $aPUL 852 $aPUL$W1$xDP1 Fondo E. Rossi$y115$m1 R 23$j154562$qFondi$B154116$CPULBib$Z2$F154116 $82 941 1 $a1 961 $aSul dorso collocazione ms. di E. Rossi: R 7 1 2 996 $6020$a88-09-14013-3$9(OLS)http://pul/number/153065 996 $6245$aPersona, comunità e istituzioni :$bdialettica tra giustizia e amore$9(OLS)http://pul/title/169987 996 $6260$aS. Domenico di Fiesole :$bEdizioni Cultura della Pace$9(OLS)http://pul/publisher/63963 LEADER 01480nam a2200337 a 4500 001 000000148921 003 CaOOAMICUS 005 20160128141511.0 008 160128s2015 it u000 u ita r 020 $a978-88-372-2800-2* 032 $aLibriCat 040 $aPUL$bita 082 04$a103 100 1 $aLijoi, Federico.$0(OLS)http://pul/name/78706 245 12$aL'anima e lo Stato :$bHans Kelsen e Sigmund Freud /$cFederico Lijoi, Francesco Saverio Trincia. 260 $aBrescia :$bMorcelliana,$c©2015. 300 $a283 p. ;$c22 cm. 490 1 $aFilosofia. Testi e Studi ;$v66 504 $aBibliografia nelle note. 600 14$aKelsen, Hans,$d1881-1973.$0(OLS)http://pul/subject/12544 600 14$aFreud, Sigmund,$d1856-1939$xCritica e interpretazione.$0(OLS)http://pul/subject/7836 700 1 $aTrincia, Francesco Saverio.$0(OLS)http://pul/name/68203 830 0$aFilosofia (Morcelliana)$pTesti e Studi ;$v66.$0(OLS)http://pul/title/148210 850 $aPUL 852 $aPUL$W1$xSL Filosofia 3$y81$m103 COLL 12.1.66$j171637$qDDC 21$B173135$CPULBib$Z2$F173135 $H126926 $81 941 1 $a9 996 $6020$a978-88-372-2800-2*$9(OLS)http://pul/number/159476 996 $6082$a103$9(OLS)http://pul/classification/621 996 $6245$aL'anima e lo Stato :$bHans Kelsen e Sigmund Freud$9(OLS)http://pul/title/187790 996 $6260$aBrescia :$bMorcelliana$9(OLS)http://pul/publisher/47854